[Event "FRM-chT2"]
[Site "Struga"]
[Date "2023.07.03"]
[Round "6.1"]
[White "Todorovski, Ilija"]
[Black "Spasenovski, Savo"]
[Result "1/2-1/2"]
[WhiteElo "2139"]
[BlackElo "2275"]
[PlyCount "66"]
[EventDate "2023.06.30"]
[EventType "team-tourn"]
[EventRounds "7"]
[EventCountry "MKD"]
[SourceTitle "EXT 2024"]
[Source "ChessBase"]
[SourceDate "2023.10.10"]
[SourceVersion "1"]
[SourceVersionDate "2023.10.10"]
[SourceQuality "1"]

1. e4 e6 2. d4 d5 3. Nc3 dxe4 4. Nxe4 Nd7 5. Nf3 Ngf6 6. Nxf6+ Nxf6 7. Bc4 Be7 8. 0-0 0-0 9. Qe2 c5 10. dxc5 Bxc5 11. Rd1 Qb6 12. Bg5 Be7 13. c3 Rd8 14. Ne5 Qc7 15. h3 Bd7 16. Rd2 Be8 17. Rad1 Rxd2 18. Rxd2 Rd8 19. Rxd8 Qxd8 20. Bb3 Nd7 21. Bxe7 Qxe7 22. Qe4 Nxe5 23. Qxe5 a6 24. Qb8 f5 25. a4 Kf7 26. a5 Bc6 27. Qe5 Qf6 28. Qd6 Qe7 29. Qf4 Qf6 30. h4 h6 31. Bc4 g5 32. Qc7+ Qe7 33. Qe5 Qf6 1/2-1/2

[Event "FRM-chT2"]
[Site "Skopje"]
[Date "2023.05.27"]
[Round "1"]
[White "Spasenovski, Savo"]
[Black "Gavrilov, Igor"]
[Result "0-1"]
[WhiteElo "2275"]
[BlackElo "2011"]
[PlyCount "64"]
[EventDate "2023.05.27"]
[EventType "team-tourn"]
[EventRounds "6"]
[EventCountry "MKD"]
[SourceTitle "CBM 214 Extra"]
[Source "ChessBase"]
[SourceDate "2023.07.31"]
[SourceVersion "1"]
[SourceVersionDate "2023.07.31"]
[SourceQuality "1"]

1. d4 Nf6 2. Nf3 g6 3. c4 c5 4. e3 Bg7 5. Nc3 cxd4 6. Nxd4 0-0 7. Be2 Nc6 8. 0-0 Nxd4 9. exd4 d5 10. c5 b6 11. b4 a5 12. Na4 bxc5 13. bxc5 Nd7 14. Bg5 Ba6 15. Bxa6 Rxa6 16. Re1 f6 17. Bh4 g5 18. Bg3 f5 19. Qd3 Rg6 20. f3 f4 21. Bf2 Nb8 22. h3 Nc6 23. Rad1 Rff6 24. Qb3 h5 25. Nc3 Rf5 26. Qb1 Qd7 27. Ne2 g4 28. hxg4 hxg4 29. Nxf4 Rh6 30. Qc1 gxf3 31. g3 Rxf4 32. Qxf4 Rh1+ 0-1